Catálogo
 En Linea

El béisbol en República Dominicana : (Registro nro. 48866)

Detalles MARC
000 -CABECERA
campo de control de longitud fija 00999nam a22002537a 4500
003 - IDENTIFICADOR DEL NÚMERO DE CONTROL
campo de control DO-SdBNP
005 - FECHA Y HORA DE LA ÚLTIMA TRANSACCIÓN
campo de control 20240307174645.0
008 - DATOS DE LONGITUD FIJA--INFORMACIÓN GENERAL
campo de control de longitud fija 201012b 2004 dr a 00| 0 eng d
020 ## - NÚMERO INTERNACIONAL ESTÁNDAR DEL LIBRO
Número Internacional Estándar del Libro 9993487759
040 ## - FUENTE DE LA CATALOGACIÓN
Centro catalogador/agencia de origen DO-SdBNP
Lengua de catalogación spa
Centro/agencia transcriptor BNPHU
082 #4 - NÚMERO DE LA CLASIFICACIÓN DECIMAL DEWEY
Número de clasificación 796.357
Número de documento/Ítem I58b
Número de edición 22
100 10 - ENTRADA PRINCIPAL--NOMBRE DE PERSONA
Nombre de persona Inoa, Orlando
9 (RLIN) 5784
245 1# - MENCIÓN DE TÍTULO
Título El béisbol en República Dominicana :
Resto del título crónica de una pasión /
Mención de responsabilidad, etc. Orlando Inoa, Héctor J. Cruz.
260 ## - PUBLICACIÓN, DISTRIBUCIÓN, ETC.
Lugar de publicación, distribución, etc. Santo Domingo :
Nombre del editor, distribuidor, etc. Amigo del Hogar,
Fecha de publicación, distribución, etc. 2004.
300 ## - DESCRIPCIÓN FÍSICA
Extensión 450 p. :
Otras características físicas il. ;
Dimensiones 30 cm
490 ## - MENCIÓN DE SERIE
Mención de serie Cultural Verizon
Designación de volumen o secuencia 7
505 ## - NOTA DE CONTENIDO CON FORMATO
Nota de contenido con formato EL béisbol dominicano : 70 años de historia 1891-1961 13 -- El béisbol dominicano 175 -- Fuentes de las fotografías 447
590 ## - NOTA LOCAL (RLIN)
Nota local Inventariado, 2020 / DG
650 #4 - PUNTO DE ACCESO ADICIONAL DE MATERIA--TÉRMINO DE MATERIA
Término de materia o nombre geográfico como elemento de entrada Béisbol
Subdivisión geográfica República Dominicana
Subdivisión general Historia
9 (RLIN) 77912
Subdivisión cronológica 1891-1961.
650 #4 - PUNTO DE ACCESO ADICIONAL DE MATERIA--TÉRMINO DE MATERIA
Término de materia o nombre geográfico como elemento de entrada Peloteros
Subdivisión geográfica Republica Dominicana
Subdivisión de forma Biografías
9 (RLIN) 78874
700 1# - PUNTO DE ACCESO ADICIONAL--NOMBRE DE PERSONA
Nombre de persona Cruz, Hèctor J.
9 (RLIN) 45957
910 ## - DATOS DE OPCIÓN DEL USUARIO (OCLC)
Datos de opción del usuario Inventariado, 2020 / DG/Validado. Control de calidad MFF
942 ## - ELEMENTOS DE PUNTO DE ACCESO ADICIONAL (KOHA)
Fuente del sistema de clasificación o colocación Dewey Decimal Classification
Tipo de ítem Koha Libros y folletos
Existencias
Estado de retiro Estado de pérdida Fuente del sistema de clasificación o colocación Restricciones de uso No para préstamo Código de colección Localización permanente Ubicación/localización actual Ubicación en estantería Fecha de adquisición Fuente de adquisición Total de préstamos Signatura topográfica completa Código de barras Fecha visto por última vez Precio válido a partir de Tipo de ítem Koha Número de copia
    Dewey Decimal Classification Excluido de préstamo Excluido de préstamo Monografías: Libros y Folletos Biblioteca Nacional Pedro Henríquez Ureña Patrimonio Dominicano Depósito 23.08.2013 Donaciòn   BNPHU PD 796.357 I58b 2021-0416 12.10.2020 12.10.2020 Libro  
    Dewey Decimal Classification Excluido de préstamo Préstamo restrigido Monografías: Libros y Folletos Biblioteca Nacional Pedro Henríquez Ureña Patrimonio Dominicano Depósito   Donado por Lourdes Delgado   BNPHU PD 796.357 I58b 2021-0417 24.02.2021 24.02.2021 Libros y folletos e. 2

Con tecnología Koha